Ciencias sociales primer ciclo: módulo 2 Chile siglos XIX y XX

Furkejuvvon:
Bibliográfalaš dieđut
Váldodahkki: Rodríguez Toledo, Cinthia (Dahkki)
Materiálatiipa: Girji
Giella:espánnjágiella
Almmustuhtton: Santiago Ministerio de Educación 2014
Preanttus:1a. ed
Fáttát:
Fáddágilkorat: Lasit fáddágilkoriid
Eai fáddágilkorat, Lasit vuosttaš fáddágilkora!

MARC

LEADER 00000cam a2200000 a 4500
001 UCD3424
003 CL-VaPUC
008 160603e20140000cl |||||||||||||||||spa|d
082 0 4 |a 983.0712  |b MIN  |2 21 
100 0 |a Rodríguez Toledo, Cinthia  |e author  |9 586889 
245 1 0 |a Ciencias sociales primer ciclo: módulo 2 Chile siglos XIX y XX 
250 |a 1a. ed 
300 |a 108 p 
942 |c BK 
945 |d 20160603 11:43:00  |a arojas 
260 |a Santiago  |b Ministerio de Educación  |c 2014 
650 7 |a HISTORIA DE CHILE SIGLO 19-20  |2 CL-VaPUC  |9 586890 
650 0 |a Enseñanza de la historia   |9 307330 
650 0 |a Libros de texto  |9 270019 
583 |a last modification  |c 20160829 05:00:26  |k Rodrigo Vera 
999 |c 364460  |d 364458 
952 |0 0  |1 0  |3 erb  |4 0  |6 983_071200000000000_MIN_2014  |7 0  |8 A  |9 477655  |a BIBCUR  |b BIBCUR  |i 5289580  |o 983.0712 MIN 2014  |p 5289580  |r 2025-04-22  |w 2019-11-24  |y BK  |z Catalogado en:20160603  |k BCB